书目信息 |
| 题名: |
JBuilderX无线应用开发
|
|
| 作者: | 庄东 , 刘晓华 编著 | |
| 分册: | ||
| 出版信息: | 北京 电子工业出版社 2004.11 |
|
| 页数: | 381页 | |
| 开本: | 26cm | |
| 丛书名: | ||
| 单 册: | ||
| 中图分类: | TP312 | |
| 科图分类: | ||
| 主题词: | 软件 | |
| 电子资源: | ||
| ISBN: | 7-121-00480-1 | |
| 000 | 00615nam0 2200205 450 | |
| 001 | 0759141445 | |
| 005 | 20070904091645.89 | |
| 010 | @a7-121-00480-1@dCNY39.00 | |
| 100 | @a20070628d2004 km y0chiy0120 ea | |
| 101 | 0 | @achi |
| 102 | @aCN@b110000 | |
| 200 | 1 | @aJBuilderX无线应用开发@AJBuilderX wu xian ying yong kai fa@f庄东,刘晓华 编著@Fzhuang dong,liu xiao hua bian zhu |
| 210 | @a北京@c电子工业出版社@d2004.11 | |
| 215 | @a381页@d26cm@e光盘1片 | |
| 606 | 0 | @a软件 |
| 690 | @aTP312@v3 | |
| 701 | 0 | @a庄东@Azhuang dong@4编著 |
| 701 | 0 | @a刘晓华@Aliu xiao hua@4编著 |
| 801 | 0 | @aCN@c20070904 |
| 905 | @dTP312@eZ926 | |
| JBuilderX无线应用开发/庄东,刘晓华 编著.-北京:电子工业出版社,2004.11 |
| 381页;26cm+光盘1片 |
| ISBN 7-121-00480-1:CNY39.00 |
| ● |
| 相关链接 |
|
|
|
正题名:JBuilderX无线应用开发
索取号:TP312/Z926
 
预约/预借
| 序号 | 登录号 | 条形码 | 馆藏地/架位号 | 状态 | 备注 |
| 1 | 450115 | 204501155 | 自科库301/301自科库 83排2列2层/ [索取号:TP312/Z926] | 在馆 |